Statistics for 中国主要经纬交叉点都在哪里?省级版 Where are the main latitude-longitude intersections?

Click here to take the quiz!

General Stats

  • This quiz has been taken 35 times
  • The average score is 33 of 37

Answer Stats

省区% Correct
新疆
100%
新疆
97%
甘肃
97%
新疆
97%
内蒙古
97%
内蒙古
97%
黑龙江
97%
内蒙古
97%
吉林
97%
新疆
97%
西藏
97%
内蒙古
93%
青海
93%
河北
93%
青海
93%
内蒙古
93%
新疆
93%
内蒙古
93%
西藏
93%
西藏
93%
西藏
93%
内蒙古
93%
新疆
93%
新疆
93%
四川
90%
山东
90%
青海
87%
陕西
87%
甘肃
80%
四川
77%
湖北
77%
浙江
77%
云南
70%
贵州
70%
湖北
63%
广西
63%
江西
50%

Score Distribution

Percentile by Number Answered

Percent of People with Each Score

Your Score History

You have not taken this quiz